Вторжение в природную среду: Оценка воздействия (основные положения и методы

Detalles Bibliográficos
Idioma:ruso
Publicado: Москва, Прогресс, 1983
Subjects:
Formato: Libro
KOHA link:https://koha.lib.tpu.ru/cgi-bin/koha/opac-detail.pl?biblionumber=36310

MARC

LEADER 00000nam0a2200000 4500
001 36310
005 20231031001635.0
035 |a (RuTPU)RU\TPU\book\36780 
035 |a BOOK00003432 
090 |a 36310 
100 |a 20011210d1983 u y0rusy50 ca 
101 0 |a rus 
102 |a RU 
105 |a  000|y 
200 1 |a Вторжение в природную среду  |e Оценка воздействия (основные положения и методы  |f Пер. с англ 
210 |a Москва  |c Прогресс  |d 1983 
215 |a 191 с. 
610 1 |a природная среда 
610 1 |a воздействия 
610 1 |a оценка 
610 1 |a примеры 
675 |a 502  |v 3 
801 0 |a RU  |b 63413507  |c 20011210  |g PSBO 
801 2 |a RU  |b 63413507  |c 20070514  |g PSBO 
942 |c BK